[Event "St Petersburg Korchnoi Memorial op"]
[Site "St Petersburg"]
[Date "2018.08.16"]
[Round "2"]
[White "Zvjaginsev, Vadim"]
[Black "Sviridov, Leon"]
[Result "1-0"]
[WhiteElo "2643"]
[BlackElo "1370"]
[PlyCount "61"]
[EventDate "2018.08.15"]
[EventType "swiss"]
[EventRounds "9"]
[EventCountry "RUS"]
[SourceTitle "CBM 186 Extra"]
[Source "ChessBase"]
[SourceDate "2018.08.24"]
[SourceVersion "1"]
[SourceVersionDate "2018.08.24"]
[SourceQuality "1"]

1. e4 e6 2. Nf3 d5 3. Nc3 c5 4. exd5 exd5 5. Bb5+ Nc6 6. 0-0 a6 7. Re1+ Be7 8. Bxc6+ bxc6 9. Na4 Be6 10. b3 Nf6 11. Ba3 Nd7 12. d4 cxd4 13. Bxe7 Qxe7 14. Nxd4 Rc8 15. Nf5 Qf8 16. Qd4 Nf6 17. Nc5 Ne4 18. Nxe4 dxe4 19. Rxe4 Rd8 20. Nxg7+ Ke7 21. Qc5+ Kd7 22. Qa7+ Kc8 23. Qxa6+ Kc7 24. Rxe6 Qxg7 25. Qxc6+ Kb8 26. Qb5+ Kc7 27. Rc6+ Kd7 28. Rd1+ Ke7 29. Qe2+ Qe5 30. Qxe5+ Kf8 31. Rxd8# 1-0

[Event "Chigorin Memorial 25th"]
[Site "St Petersburg"]
[Date "2017.10.26"]
[Round "6"]
[White "Aslanov, Umid Fuad"]
[Black "Sviridov, Leon"]
[Result "1-0"]
[WhiteElo "1520"]
[BlackElo "1427"]
[PlyCount "71"]
[EventDate "2017.10.21"]
[EventType "swiss"]
[EventRounds "9"]
[EventCountry "RUS"]
[SourceTitle "CBM 181 Extra"]
[Source "ChessBase"]
[SourceDate "2017.12.12"]
[SourceVersion "1"]
[SourceVersionDate "2017.12.12"]
[SourceQuality "1"]

1. e4 e6 2. d4 d5 3. Nd2 dxe4 4. Nxe4 Nc6 5. Nf3 Be7 6. c3 Nf6 7. Bd3 b6 8. 0-0 Bb7 9. Qc2 Nxe4 10. Bxe4 h6 11. Be3 Na5 12. Bxb7 Nxb7 13. Ne5 0-0 14. Qe2 Bg5 15. f4 Be7 16. f5 exf5 17. Rxf5 Nd6 18. Rf3 Bg5 19. Bxg5 Qxg5 20. Rg3 Qe7 21. Qg4 f5 22. Qh5 Ne4 23. Rg6 Rf6 24. Qxh6 Rxg6 25. Qxg6 Rf8 26. Rf1 Qh4 27. Qe6+ Kh7 28. Ng6 Qg5 29. Nxf8+ Kh8 30. Ng6+ Kh7 31. Nf4 Nd2 32. Rf2 Ne4 33. Rf3 Nd2 34. Rh3+ Qh6 35. Qxf5+ Kg8 36. Rxh6 1-0

[Event "Chigorin Memorial 25th"]
[Site "St Petersburg"]
[Date "2017.10.23"]
[Round "3"]
[White "Sviridov, Leon"]
[Black "Mustafayev, Nihad"]
[Result "0-1"]
[WhiteElo "1427"]
[BlackElo "1788"]
[PlyCount "118"]
[EventDate "2017.10.21"]
[EventType "swiss"]
[EventRounds "9"]
[EventCountry "RUS"]
[SourceTitle "CBM 181 Extra"]
[Source "ChessBase"]
[SourceDate "2017.12.12"]
[SourceVersion "1"]
[SourceVersionDate "2017.12.12"]
[SourceQuality "1"]

1. e4 c5 2. Nf3 e6 3. d4 cxd4 4. Nxd4 Nf6 5. Nc3 Nc6 6. Ndb5 Bb4 7. a3 Bxc3+ 8. Nxc3 d5 9. exd5 exd5 10. Bd3 0-0 11. 0-0 d4 12. Ne2 Bg4 13. Bg5 Qd6 14. Qd2 Rad8 15. Rfe1 Rfe8 16. h3 Bh5 17. Ng3 Bg6 18. Bxg6 hxg6 19. Bxf6 Qxf6 20. Ne4 Qf5 21. Ng3 Qd5 22. Rxe8+ Rxe8 23. Re1 Rd8 24. Ne4 Ne5 25. Qg5 Re8 26. f4 f6 27. Qg3 Ng4 28. hxg4 Rxe4 29. Rxe4 Qxe4 30. f5 gxf5 31. gxf5 Qxf5 32. Qb8+ Kh7 33. Qh2+ Kg6 34. Qg3+ Kh7 35. Qh2+ Kg6 36. Qg3+ Qg5 37. Qd3+ Kh5 38. Qxd4 Qc1+ 39. Kh2 Qxc2 40. Kh3 Qb3+ 41. g3 Qe6+ 42. g4+ Kg6 43. Kh4 Qe1+ 44. Kh3 Kg5 45. Qd5+ Kf4 46. Qf5+ Ke3 47. Qe6+ Kf2 48. Qf5+ Kg1 49. Qc2 Qe3+ 50. Kh4 Qf2+ 51. Qxf2+ Kxf2 52. Kh5 Kg3 53. b4 g5 54. Kg6 Kxg4 55. Kxf6 Kf4 56. Ke6 g4 57. Kd6 g3 58. Kc7 g2 59. Kxb7 g1Q 0-1

[Event "St Petersburg Summer op"]
[Site "St Petersburg"]
[Date "2017.08.20"]
[Round "5"]
[White "Sviridov, Leon"]
[Black "Fedorov, Ivan"]
[Result "0-1"]
[WhiteElo "1450"]
[BlackElo "1806"]
[PlyCount "48"]
[EventDate "2017.08.16"]
[EventType "swiss"]
[EventRounds "9"]
[EventCountry "RUS"]
[SourceTitle "CBM 180 Extra"]
[Source "ChessBase"]
[SourceDate "2017.10.06"]
[SourceVersion "1"]
[SourceVersionDate "2017.10.06"]
[SourceQuality "1"]

1. d4 Nc6 2. c4 e5 3. d5 Nce7 4. e4 f5 5. Bd3 f4 6. Bd2 Ng6 7. Nc3 a5 8. a4 Bc5 9. Qe2 d6 10. Nf3 Nh6 11. g3 0-0 12. gxf4 Nxf4 13. Bxf4 Rxf4 14. h3 Qf6 15. Ng1 Rxf2 16. Qh5 Bd7 17. 0-0-0 Be8 18. Qe2 Rxe2 19. Bxe2 Bd4 20. Nf3 Bxc3 21. bxc3 Bxa4 22. Rdf1 Qf4+ 23. Nd2 Qe3 24. Rf3 Qxe2 0-1